East Asia - Statistics

General Stats
  • This quiz has been taken 25 times
  • The average score is 7 of 8
Answer Stats
Picture Answer % Correct
china
100%
**taiwan **
100%
japan
95%
mongolia
95%
north korea
95%
south korea
95%
**hong kong**
74%
**macau**
58%
No matching quizzes found
Score Distribution
Percent of People with Each Score
Percentile by Number Answered
Your Score History
You have not taken this quiz